| 000 | 00348nam a2200145Ia 4500 | ||
|---|---|---|---|
| 999 |
_c5805 _d5805 |
||
| 003 | OSt | ||
| 008 | 191201s2013 xx 000 0 und d | ||
| 082 |
_a690 _bRAB |
||
| 100 | _aRANGWALA, SC | ||
| 245 | 0 | _aBuilding Construction | |
| 260 |
_aN. delhi _bCharotar Pubg. House, Anand _c2013 |
||
| 300 | _a760 | ||
| 650 | _aB.Tech(CE) | ||
| 942 |
_2ddc _cBK _03 |
||